| 000 | 00392nam a2200169Ia 4500 | ||
|---|---|---|---|
| 001 | 12964 | ||
| 005 | 20250626030804.0 | ||
| 008 | 211022s9999 xx 000 0 und d | ||
| 082 | _a751.45436 SCH | ||
| 100 | _aSchaeffer, S. Allyn | ||
| 245 | 4 | _aThe big book of painting nature in oil | |
| 260 | _aNew York | ||
| 260 | _bWatson Guptill | ||
| 260 | _c1999 | ||
| 300 | _a399 | ||
| 942 | _cBK | ||
| 999 |
_c12040 _d12040 |
||